00939nam a2200265 i 4500003000900000005001700009007000300026008004100029040003000070082001300100100001000113110000800123245013700131264007600268300004400344336002700388337003400415338002800449500000600477590002700483910000700510942001400517952012500531999001700656DO-SdBNP20230928101520.0ta110413s2022 dr 000 0 spa d aDO-SdBNPbspacBNPHUerda bG943222 952164 949110aGuía para el despliegue del sistema de calidad en la gestión de los servicios de residuos sólidos municipio Santo Domingo este 1aSanto Domingo :bFederación Dominicana de Municipios (FEDOMU),c2022. a75 páginas :bilustraciones ;c22 cm. 2rdacontentatextobtxt 2rdamediaasin mediación bn 2rdacarrieravolumenbnc a  aInventariado, 2023/ DG aDG 2ddccLBS1 00102ddc53708PDaBNPHUbBNPHUcCTd2023-09-28edonaciónl0oBNPHU PD G943p2023-6517r2023-09-28w2023-09-28yLBS1 c54991d54991